00443nam a2200133Ia 4500008004100000082001200041100001600053245008400069260000900153300001000162942000700172999001700179952011300196190415s9999 xx 000 0 und d aRK.0119 aKuldip Kaur 0aAdult Education Programme in Punjab: study of twelve blocks of six districts of c1989 a426p. cBK c10415d10415 00104070aNASSDOCbNASSDOCd2004-10-08i2004-10-22l0oRK.0119p28710r2019-04-18 00:00:00w2019-04-18yBK